Statistics for South American Countries by Etymology

Click here to take the quiz!

General Stats

  • This quiz has been taken 191 times
  • The average score is 12 of 12

Answer Stats

Name MeaningCountry% Correct
Named after Christopher ColumbusColombia
100%
Spanish for "equator"Ecuador
100%
Named after Simon BolivarBolivia
99%
Derived from the Latin word for "silver"Argentina
98%
May derive from the Surinen peopleSuriname
98%
"Little Venice"Venezuela
98%
"Where the land ends"Chile
96%
Quechua for "land of abundance"Peru
96%
"River that gives birth to the sea"Paraguay
95%
"Land of many waters"Guyana
94%
"Bird-river"Uruguay
94%
"Red like an ember"Brazil
93%

Score Distribution

Percentile by Number Answered

Percent of People with Each Score

Your Score History

You have not taken this quiz